سبائك الذهب فى معرفة قبائل العرب

Bibliographic Details
Main Author: سويدي, محمد امين (Author)
Format: Book
Published: Bayrut : Dar Sa`b , [19--]
Subjects:

MARC

LEADER 00000cam a2200000 7i4500
001 0000000354
005 20220221093000.0
008 021118n
090 0 0 |a GN549.A7   |b S9 
100 0 |a سويدي, محمد امين ,   |e author 
241 2 0 |a Saba'ik al-dhahab fi ma`arifah qaba'il al-Arab 
245 1 0 |a سبائك الذهب فى معرفة قبائل العرب   |c محمد امين البغدادي الشهير بالسودي 
260 2 |a Bayrut :   |b Dar Sa`b ,   |c [19--] 
300 |a 120 p. ;   |c 30 cm. 
650 0 |a Arabs 
650 0 |a Ethnology   |z Arab countries 
651 0 |a Arabian Peninsula   |v Genealogy 
999 |a 1000044800   |b Book   |c OPEN SHELF (30 DAYS)   |e Gong Badak Campus